000 00558nam a22002057a 4500
003 OSt
005 20140310181752.0
008 130627t xxu||||| |||| 00| 0 eng d
020 _a971791284x
050 _aQH 308.2
_b.C236 2001
082 _aFIL 574
_bC17 2001
100 _aCapco, Carmelita M.
245 _aBiology II textbook /
_cCarmelita M. Capco, Gilbert C. Yang.
250 _a2nd ed.
260 _aQuezon City, Philippines :
_bSIBS,
_cc2001.
300 _a480 p. :
_bill. ;
_c25 cm.
562 _e1
942 _2lcc
_cBK
999 _c3271
_d3271